The principles of the law of evidence with elementary rules for conducting the examination and cross-examination of witnesses (Record no. 18505)
[ view plain ]
| 000 -LEADER | |
|---|---|
| fixed length control field | 00612nam a22001817a 4500 |
| 008 - FIXED-LENGTH DATA ELEMENTS--GENERAL INFORMATION | |
| fixed length control field | 200917b xxu||||| |||| 00| 0 eng d |
| 020 ## - INTERNATIONAL STANDARD BOOK NUMBER | |
| International Standard Book Number | 3337703325 |
| 050 ## - LIBRARY OF CONGRESS CALL NUMBER | |
| Classification number | KD7499 |
| Item number | .M67 1878 c.1 |
| 100 ## - MAIN ENTRY--PERSONAL NAME | |
| Personal name | Morgan, Appleton |
| 245 ## - TITLE STATEMENT | |
| Title | The principles of the law of evidence with elementary rules for conducting the examination and cross-examination of witnesses |
| Statement of responsibility, etc. | Appleton Morgan |
| 260 ## - PUBLICATION, DISTRIBUTION, ETC. (IMPRINT) | |
| Place of publication, distribution, etc. | New York |
| Name of publisher, distributor, etc. | Cockroft |
| Date of publication, distribution, etc. | 1878 |
| 300 ## - PHYSICAL DESCRIPTION | |
| Extent | xix, 526p. |
| 650 ## - SUBJECT ADDED ENTRY--TOPICAL TERM | |
| Topical term or geographic name as entry element | Evidence |
| Form subdivision | Law |
| Geographic subdivision | Great Britain |
| 650 ## - SUBJECT ADDED ENTRY--TOPICAL TERM | |
| Topical term or geographic name as entry element | Cross-examination |
| 700 ## - ADDED ENTRY--PERSONAL NAME | |
| Personal name | John A. Russell |
| 700 ## - ADDED ENTRY--PERSONAL NAME | |
| Personal name | William Mawdesley Best |
| 942 ## - ADDED ENTRY ELEMENTS (KOHA) | |
| Source of classification or shelving scheme | Library of Congress Classification |
| Koha item type | General Collection |
| Withdrawn status | Lost status | Source of classification or shelving scheme | Not for loan | Home library | Current library | Date acquired | Cost, normal purchase price | Total Checkouts | Full call number | Barcode | Date last seen | Date last checked out | Price effective from | Koha item type |
|---|---|---|---|---|---|---|---|---|---|---|---|---|---|---|
| Library of Congress Classification | Kabarak, Main Campus | Kabarak, Main Campus | 17/09/2020 | 5976.00 | 1 | KD7499 .M67 1878 c.1 | 029850 | 08/10/2021 | 24/09/2021 | 17/09/2020 | General Collection | |||
| Library of Congress Classification | Kabarak, Main Campus | Kabarak, Main Campus | 17/09/2020 | 5976.00 | 2 | KD7499 .M67 1878 c.2 | 029851 | 14/12/2021 | 27/11/2021 | 17/09/2020 | General Collection | |||
| Library of Congress Classification | Kabarak, Main Campus | Kabarak, Main Campus | 17/09/2020 | 5976.00 | 4 | KD7499 .M67 1878 c.3 | 029852 | 10/09/2025 | 10/09/2025 | 17/09/2020 | General Collection |